Encyclopaedia of modern techniques of educational testing : hand book of objective tests and evaluation :
| Main Author: | |
|---|---|
| Format: | Book |
| Published: |
New Delhi :
Commonwealth ,
2005
|
| Subjects: |
MARC
| LEADER | 00000cam a2200000 7i4500 | ||
|---|---|---|---|
| 001 | 0000038417 | ||
| 005 | 20131113.0 | ||
| 008 | 130620 | ||
| 020 | |a 8171699111 | ||
| 090 | 0 | 0 | |a 370 |b WAL |
| 100 | 1 | |a Walton, John A | |
| 245 | 1 | 0 | |a Encyclopaedia of modern techniques of educational testing : |b hand book of objective tests and evaluation : |b volume-3 |c John A. Walton |
| 260 | |a New Delhi : |b Commonwealth , |c 2005 | ||
| 650 | 0 | |a Education test and measurement India | |
| 999 | |a 0001021444 |b Book |c Adult Collection |e Cawangan Taman Sri Lambak | ||